Financing of education and social development in Latin America /
Guardado en:
| Autor principal: | |
|---|---|
| Otros Autores: | |
| Formato: | Texto |
| Etiquetas: |
Agregar Etiqueta
Sin Etiquetas, Sea el primero en etiquetar este registro!
|
MARC
| LEADER | 00000 a a2200000 04500 | ||
|---|---|---|---|
| 001 | 45644 | ||
| 003 | |||
| 040 | |||
| 100 | |a Ratinoff, Luis | ||
| 245 | |a Financing of education and social development in Latin America / |c Luis Ratinoff, Máximo Jeria | ||
| 700 | |a Jeria, Máximo | ||
| 773 | |g páginas 177-199 : tablas | ||
| 999 | |c 18335 |d 18335 | ||
